[Event "GER-ch21 (Women) email"]
[Site "GER email"]
[Date "2007.09.20"]
[Round "?"]
[White "Gil, Maria Do Carmo De V"]
[Black "Schwenger, Muervet"]
[Result "1-0"]
[WhiteElo "2296"]
[BlackElo "2000"]
[PlyCount "101"]
[EventDate "2007.??.??"]
[EventType "tourn (corr)"]
[EventRounds "10"]
[EventCountry "GER"]
[SourceTitle "Corr 2011"]
[Source "ChessBase"]
[SourceDate "2010.08.31"]
[SourceVersion "1"]
[SourceVersionDate "2010.08.31"]
[SourceQuality "1"]

1. d4 Nf6 2. c4 e6 3. Nf3 b6 4. a3 Ba6 5. Qc2 Bb7 6. Nc3 c5 7. e4 cxd4 8. Nxd4 Bc5 9. Nb3 Nc6 10. Bf4 e5 11. Bg5 h6 12. Bh4 0-0 13. f3 Be7 14. Bf2 Qb8 15. 0-0-0 Rc8 16. g4 a5 17. Na4 Bd8 18. Bxb6 Ne7 19. Be3 Bc6 20. Nc3 Ng6 21. h4 Nh7 22. h5 Ngf8 23. Kb1 Ne6 24. Nc5 Bg5 25. Bf2 Nd4 26. Bxd4 exd4 27. Nd5 Bxd5 28. Nxd7 Qc7 29. exd5 Qxd7 30. Bd3 Nf6 31. Bf5 Qa7 32. Bxc8 Rxc8 33. Qf5 Qb8 34. d6 Rxc4 35. d7 Nxd7 36. Qxd7 Be3 37. Rhe1 Rc7 38. Qa4 Rb7 39. Re2 Rb5 40. Qc4 Re5 41. Rc2 Re8 42. Qa4 Re5 43. Qc6 Re8 44. Rc5 Rd8 45. Qc7 Qxc7 46. Rxc7 g6 47. hxg6 fxg6 48. Ra7 Rf8 49. Rxa5 Rxf3 50. Ra8+ Kf7 51. a4 1-0